| 000 | 00424nam a2200169Ia 4500 | ||
|---|---|---|---|
| 001 | 10629 | ||
| 005 | 20260306161846.0 | ||
| 008 | 260306t9999||||xx |||||||||||||| ||spa|| | ||
| 041 | _aESP | ||
| 082 |
_a945.2 _bC91 |
||
| 100 |
_aCroce, Benedetto _eAUT |
||
| 245 | 0 | _aEspaña en la vida italiana durante el renacimiento | |
| 300 |
_a254 páginas : _c21 cm. |
||
| 650 | _aGEN | ||
| 654 | _aCHU | ||
| 942 |
_cLIB _dJUS _fJUS _2ddc _n |
||
| 999 |
_c10629 _d10629 |
||